Central Library OPAC University of Rajshahi

Calculus in vector spaces without norm / (Record no. 52084)

MARC details
000 -LEADER
fixed length control field 00900nam a2200277 a 4500
001 - CONTROL NUMBER
control field 52084
003 - CONTROL NUMBER IDENTIFIER
rucl marc code BD-RjUL
005 - DATE AND TIME OF LATEST TRANSACTION
control field 20211209075742.0
008 - FIXED-LENGTH DATA ELEMENTS--GENERAL INFORMATION
fixed length control field 160905s1966 gw b 000 0 eng
035 ## - SYSTEM CONTROL NUMBER
System control number (BD-RjUL)52204
040 ## - CATALOGING SOURCE
Original cataloging agency DLC
Transcribing agency DLC
Modifying agency DLC
-- BD-RjUL
Language of cataloging eng
041 ## - LANGUAGE CODE
Language code of text/sound track or separate title eng
082 00 - DEWEY DECIMAL CLASSIFICATION NUMBER
Edition number 23
Classification number 515.73
Author mark and year FRC 1966
100 1# - MAIN ENTRY--PERSONAL NAME
Personal name Frölicher, Alfred.
9 (RLIN) 155772
245 10 - TITLE STATEMENT
Title Calculus in vector spaces without norm /
Statement of responsibility, etc. [by] A. Frölicher [and] W. Bucher.
260 ## - PUBLICATION, DISTRIBUTION, ETC. (IMPRINT)
Place of publication, distribution, etc. Berlin ;
-- New York:
Name of publisher, distributor, etc. Springer-Verlag,
Date of publication, distribution, etc. 1966.
300 ## - PHYSICAL DESCRIPTION
Pagination x, 146 p. ;
Size 28 cm.
490 1# - SERIES STATEMENT
Series statement Lecture notes in mathematics, 30
504 ## - BIBLIOGRAPHY, ETC. NOTE
Bibliography, etc Bibliography: p. 146.
650 #0 - SUBJECT ADDED ENTRY--TOPICAL TERM
Topical term or geographic name as entry element Linear topological spaces.
9 (RLIN) 151067
Topical term or geographic name as entry element Calculus.
9 (RLIN) 155773
700 1# - ADDED ENTRY--PERSONAL NAME
Personal name Bucher, W.,
Relator term joint author.
830 #0 - SERIES ADDED ENTRY--UNIFORM TITLE
Uniform title Lecture notes in mathematics (Springer-Verlag) ;
Volume number/sequential designation 30.
942 ## - ADDED ENTRY ELEMENTS (KOHA)
Source of classification or shelving scheme Dewey Decimal Classification
Koha item type Books
Holdings
Lost status Source of classification or shelving scheme Damaged status Not for loan Collection code Permanent Location Current Location Shelving location Date acquired Source of acquisition Total Checkouts Full call number Date last seen Copy number Koha item type
  Dewey Decimal Classification   Not For Loan Non-fiction Central Library, University of Rajshahi Central Library, University of Rajshahi Reading Room 05/09/2016 Swets & Zeitlinger   515.73 FRC 1966 05/09/2016 C-1 Books